Memperkenalkan azas dan tudjuan Himpunan Usahawan Muslimin Indonesia (HUSAMI). (Record no. 85126)

MARC details
000 -LEADER
fixed length control field 00595cam a22002051 4500
001 - CONTROL NUMBER
control field sa 68013468
003 - CONTROL NUMBER IDENTIFIER
control field DLC
005 - DATE AND TIME OF LATEST TRANSACTION
control field 20260227112622.0
008 - FIXED-LENGTH DATA ELEMENTS--GENERAL INFORMATION
fixed length control field 890516s1967 io 000 0 ind
010 ## - LIBRARY OF CONGRESS CONTROL NUMBER
LC control number sa 68013468
035 ## - SYSTEM CONTROL NUMBER
System control number (OCoLC)23556584
040 ## - CATALOGING SOURCE
Original cataloging agency DLC
Transcribing agency MiU
Modifying agency DLC
042 ## - AUTHENTICATION CODE
Authentication code premarc
050 00 - LIBRARY OF CONGRESS CALL NUMBER
Classification number HD2429.I54
Item number P7
100 1# - MAIN ENTRY--PERSONAL NAME
Personal name Prawiranegara, Sjafruddin.
245 10 - TITLE STATEMENT
Title Memperkenalkan azas dan tudjuan Himpunan Usahawan Muslimin Indonesia (HUSAMI).
260 ## - PUBLICATION, DISTRIBUTION, ETC.
Place of publication, distribution, etc. Djakarta,
Name of publisher, distributor, etc. Bulan Bintang,
Date of publication, distribution, etc. 1967.
300 ## - PHYSICAL DESCRIPTION
Extent 40 p.
Dimensions 18 cm.
610 20 - SUBJECT ADDED ENTRY--CORPORATE NAME
Corporate name or jurisdiction name as entry element Himpunan Usahawan Muslimin Indonesia.

No items available.

Powered by Koha